000
00278nam a2200097 a 4500
005
20200929164120.0
008
100217s1937 000 spa d
245
3
_a
La liga de naciones americanas y la conferencia de Buenos Aires.
260
_a
Nueva York,
_c
1937.
999
_c
15234
_d
15234
040
_a
DO-SdBNP